|
|
|
|
| LEADER |
01356nam a22003734a 4500 |
| 001 |
EBC322115 |
| 003 |
MiAaPQ |
| 005 |
20200520144314.0 |
| 006 |
m o d | |
| 007 |
cr cn||||||||| |
| 008 |
051102s2006 caua sb 001 0 eng |
| 010 |
|
|
|z 2005057040
|
| 020 |
|
|
|z 1576753530
|
| 020 |
|
|
|z 9781576753538
|
| 035 |
|
|
|a (MiAaPQ)EBC322115
|
| 035 |
|
|
|a (Au-PeEL)EBL322115
|
| 035 |
|
|
|a (CaPaEBR)ebr10205944
|
| 035 |
|
|
|a (CaONFJC)MIL229934
|
| 035 |
|
|
|a (OCoLC)298790278
|
| 040 |
|
|
|a MiAaPQ
|c MiAaPQ
|d MiAaPQ
|
| 050 |
|
4 |
|a BF408
|b .T42 2006
|
| 082 |
0 |
4 |
|a 153.3/5
|2 22
|
| 100 |
1 |
|
|a Thatchenkery, Tojo Joseph.
|
| 245 |
1 |
0 |
|a Appreciative intelligence
|h [electronic resource] :
|b seeing the mighty oak in the acorn /
|c Tojo Thatchenkery & Carol Metzker.
|
| 250 |
|
|
|a 1st ed.
|
| 260 |
|
|
|a San Francisco, CA :
|b Berrett-Koehler,
|c c2006.
|
| 300 |
|
|
|a xviii, 214 p. :
|b ill.
|
| 504 |
|
|
|a Includes bibliographical references (p. 169-186) and index.
|
| 533 |
|
|
|a Electronic reproduction. Ann Arbor, MI : ProQuest, 2015. Available via World Wide Web. Access may be limited to ProQuest affiliated libraries.
|
| 650 |
|
0 |
|a Creative thinking.
|
| 655 |
|
4 |
|a Electronic books.
|
| 700 |
1 |
|
|a Metzker, Carol,
|d 1960-
|
| 710 |
2 |
|
|a ProQuest (Firm)
|
| 856 |
4 |
0 |
|u https://ebookcentral.proquest.com/lib/matrademy/detail.action?docID=322115
|z Click to View
|